000 00570nam a2200205Ia 4500
003 OSt
005 20230412150343.0
008 210423s2006 xx 000 0 und d
020 _a195172450
040 _cAL
041 _aeng
082 _a616.85232
_223
_bPAPA
100 _aPAPANICOLAOU (A C).
_987176
245 _aAmnesias: clinical textbook of memory disorders.
260 _aNew Delhi
_bOxford University Press
_c2006
300 _axvi,320
_bHB
365 _b3321
_cINR
906 _aAmnesias: ; clinical ; disorders. ; memory ; textbook
942 _2ddc
_cBK
999 _c157268
_d157268